Normal view
MARC view
- SIGNALLING SYSTEMS ARCHITECTURE OF CCS SYSTEMS MOBILE COMMUNICATIONS INTERNET PROTOCOLS
Entry Topical Term
001 - CONTROL NUMBER
- control field: 80411
003 - CONTROL NUMBER IDENTIFIER
- control field: NUST
005 - DATE AND TIME OF LATEST TRANSACTION
- control field: 20210628210649.0
008 - FIXED-LENGTH DATA ELEMENTS
- fixed length control field: 210628|| aca||aabn | a|a d
040 ## - CATALOGING SOURCE
- Original cataloging agency: NUST
- Transcribing agency: NUST
150 ## - HEADING--TOPICAL TERM
- Topical term or geographic name entry element: SIGNALLING SYSTEMS ARCHITECTURE OF CCS SYSTEMS MOBILE COMMUNICATIONS INTERNET PROTOCOLS
670 ## - SOURCE DATA FOUND
- Source citation: Work cat.: (NUST): Manterfield, Richard 80410, Telecommunication signalling, 1999
